Wszystkie pseudonimy Maka W - Statystyki

Ogólne statystyki
  • Ten quiz został rozwiązany 12 razy
    4 od ostatniego zresetowania
  • Średni wynik to 15 z 52
Statystyki odpowiedzi
Odpowiedź % Poprawnych
M
100%
Mak
100%
Makaron
100%
Maks
100%
Maksymilian
100%
Zed
100%
Gangster
50%
Goyo
50%
KeyN3T
50%
Ksiuma
50%
Mafioza
50%
Makes
50%
Makpog
50%
MakPogchamp
50%
Marcin
50%
Marian
50%
Maroko
50%
Midlane
50%
Mira
50%
Mirabelka
50%
Mirek
50%
Opel Insignia
50%
Ulubiony Uczeń Chojeckiej
50%
Big Mak
0%
Bodyguard
0%
Faker
0%
Kaktus
0%
KluczInternet
0%
Kurtka Blueface
0%
M4
0%
Majonez Kielecki
0%
Maksiu
0%
Malezja
0%
Marek
0%
Marker
0%
Max
0%
Mc2
0%
McKenzie Pogue
0%
Mesjasz
0%
Miki Piki
0%
Mikro
0%
Mikrofibra
0%
Mimik
0%
Mkpg
0%
Młody M
0%
Mpg
0%
Nienawidze Drillu
0%
Pulse
0%
Reto - Balon
0%
Rezydent Kaplicznej
0%
Snickers
0%
Spawnpeek
0%
Nie znaleziono quizów pasujących do podanych kryteriów
Rozkład punktacji
Procent ludzi z każdym wynikiem
Percentyl według liczby udzielonych odpowiedzi
Twoja historia wyników
Nie rozwiązałeś tego quizu od ostatniego zresetowania